000 00327 a2200157 4500
001 75347
020 _a9788526010949
040 _cAnchieta - Colégio São Paulo
100 _aFurnari, Eva
240 1 0 _aZig zag
_lpor
245 1 0 _aZig zag
300 _a31
362 0 _a2012
650 4 _aLiteratura infantil
942 _cBK
999 _c75347
_d75347